00691nam a2200229 a 4500001001300000003000900013005001700022008004100039020002300080082001900103100002400122245003500146260002800181300000900209500003500218505001000253650003400263902000800297942000700305952013200312999001700444nice12345678IN_TiNIC20260116014214.0090129s2008 dela grp 000 0 eng  a9788178298818c29500a320.0954bCHA2 aChakrabarty, Bidyut aIndian Government and Politics aDelhi bSage Pub c2008 a358p aincludes index and biblioraphy2 aindex aIndia-Politics and Government bSRS cBK 001040708StackRoom-aHMIbHMId2009-01-29g295.00l1o320.0954 CHA2p022671r2023-11-15s2023-10-09v295.00w2009-01-29yBK c14320d14320